[Event "New Delhi Skillcraft op 1st"]
[Site "New Delhi"]
[Date "2024.11.19"]
[Round "7"]
[White "Swain, Ashirwad"]
[Black "Ayaan, Garg"]
[Result "1-0"]
[WhiteElo "2052"]
[BlackElo "1910"]
[PlyCount "120"]
[EventDate "2024.11.16"]
[EventType "swiss"]
[EventRounds "9"]
[EventCountry "IND"]
[SourceTitle "CB47_2024"]
[SourceDate "2024.11.20"]
[SourceVersion "1"]
[SourceVersionDate "2024.11.20"]
[SourceQuality "1"]

1. e4 c6 2. d4 d5 3. Nc3 dxe4 4. Nxe4 Bf5 5. Ng3 Bg6 6. N1e2 e6 7. c3 Bd6 8. h4 h6 9. Nf4 Bh7 10. Ngh5 g6 11. Ng3 Nf6 12. Bc4 Nd5 13. Nd3 Be7 14. Bxh6 Bxh4 15. Ne5 Bg8 16. Bd2 Bf6 17. Rxh8 Bxh8 18. Qb3 Nd7 19. Qxb7 Bxe5 20. dxe5 Nxe5 21. Bxd5 cxd5 22. Bg5 Rb8 23. Qxa7 Nc6 24. Qa4 Qb6 25. Ne2 Kf8 26. Rd1 Qb5 27. Qxb5 Rxb5 28. Bf6 Rxb2 29. c4 Rb8 30. cxd5 exd5 31. Rxd5 Re8 32. g4 g5 33. Rxg5 Re6 34. Bc3 f6 35. Rc5 Bh7 36. Kd2 Ne7 37. a4 Kf7 38. f3 Rd6+ 39. Ke3 Nd5+ 40. Kf2 Bd3 41. a5 f5 42. Be5 Rd7 43. g5 Nb4 44. Nf4 Ba6 45. g6+ Kf8 46. Kg3 Rd1 47. Rc7 Nd5 48. Ne6+ Ke8 49. Ng7+ Kd8 50. Ne6+ Ke8 51. Ra7 Bc8 52. Nc7+ Nxc7 53. Rxc7 Be6 54. Kf4 Rg1 55. g7 Bd5 56. a6 Rf1 57. a7 Rxf3+ 58. Kg5 Ra3 59. Rc8+ Kd7 60. a8Q Bxa8 1-0

[Event "New Delhi Skillcraft op 1st"]
[Site "New Delhi"]
[Date "2024.11.18"]
[Round "6"]
[White "Vidit, Sethi"]
[Black "Swain, Ashirwad"]
[Result "0-1"]
[WhiteElo "1869"]
[BlackElo "2052"]
[PlyCount "106"]
[EventDate "2024.11.16"]
[EventType "swiss"]
[EventRounds "9"]
[EventCountry "IND"]
[SourceTitle "CB47_2024"]
[SourceDate "2024.11.20"]
[SourceVersion "1"]
[SourceVersionDate "2024.11.20"]
[SourceQuality "1"]

1. d4 Nf6 2. c4 e6 3. Nf3 d5 4. g3 Nbd7 5. Bg2 c6 6. Qc2 dxc4 7. Qxc4 Be7 8. Nc3 a6 9. Bf4 c5 10. dxc5 Bxc5 11. b4 Be7 12. Bc7 Nb6 13. Bxd8 Nxc4 14. Bxe7 Kxe7 15. Nd2 Nxd2 16. Kxd2 Rb8 17. Rhd1 b5 18. Kc2 Bb7 19. Bxb7 Rxb7 20. a4 Rc8 21. Kb3 bxa4+ 22. Rxa4 Nd7 23. Ra5 Nb8 24. Na2 Rb6 25. Rb1 Nc6 26. Rc5 Rd8 27. Kc3 Nd4 28. Rb2 f5 29. f4 h6 30. e3 Nb5+ 31. Kc2 Nd6 32. Rb3 Ne4 33. Rc7+ Rd7 34. Rxd7+ Kxd7 35. Rd3+ Kc7 36. Rd4 Rc6+ 37. Kb3 g5 38. Kb2 g4 39. Nc1 Nc3 40. Kb3 Nd5 41. Nd3 Nxe3 42. Nc5 Rd6 43. Rxd6 Kxd6 44. Nxa6 Nf1 45. b5 Nxh2 46. Kb4 h5 47. Nc5 h4 48. b6 hxg3 49. Nxe6 Kc6 50. Ka5 g2 51. Nd8+ Kd7 52. b7 g1Q 53. b8Q Qa1+ 0-1

[Event "IND-chT 40th"]
[Site "Ahmedabad"]
[Date "2020.02.10"]
[Round "6.5"]
[White "Swain, Ashirwad"]
[Black "Das, Susobhit"]
[Result "1/2-1/2"]
[WhiteElo "2087"]
[BlackElo "1846"]
[PlyCount "109"]
[EventDate "2020.02.07"]
[EventType "team-swiss"]
[EventRounds "9"]
[EventCountry "IND"]
[SourceTitle "CBM 194 Extra"]
[Source "ChessBase"]
[SourceDate "2020.03.31"]
[SourceVersion "1"]
[SourceVersionDate "2020.03.31"]
[SourceQuality "1"]
[WhiteTeam "Odisha"]
[BlackTeam "Odisha II"]
[WhiteTeamCountry "IND"]
[BlackTeamCountry "IND"]

1. e4 c6 2. d4 d5 3. Nc3 dxe4 4. Nxe4 Nf6 5. Nxf6+ exf6 6. Nf3 Bd6 7. Be2 0-0 8. 0-0 Re8 9. Be3 Nd7 10. c4 Nf8 11. d5 c5 12. Re1 Ng6 13. Qc2 Qc7 14. h3 Bd7 15. Bf1 a6 16. a3 Rab8 17. Rac1 b6 18. Bd2 Bf4 19. Rxe8+ Rxe8 20. Re1 Rxe1 21. Bxe1 Ne7 22. Bd3 h6 23. Qe2 Kf8 24. Bc3 Qb8 25. b4 Bd6 26. Qb2 Nf5 27. bxc5 bxc5 28. Qxb8+ Bxb8 29. Nd2 Nd6 30. Ba5 Ba7 31. Bc7 Ne8 32. Bf4 Ke7 33. Ne4 f5 34. Ng3 g5 35. Be5 f6 36. Bc3 Ng7 37. Kf1 Bb8 38. Ke2 Be5 39. Kd2 h5 40. Ne2 h4 41. f4 Bxc3+ 42. Kxc3 Nh5 43. Kd2 Nxf4 44. Nxf4 gxf4 45. Be2 Kd6 46. Bf3 Ke5 47. Kd3 Be8 48. Kc3 Ba4 49. Be2 Ke4 50. Bd3+ Ke5 51. Be2 a5 52. Bf3 Bd7 53. Kd3 Be8 54. Kc3 Ba4 55. Be2 1/2-1/2

[Event "Bhubaneswar op 12th"]
[Site "Bhubaneswar"]
[Date "2019.06.02"]
[Round "3"]
[White "Swain, Ashirwad"]
[Black "Das, Sayantan"]
[Result "0-1"]
[WhiteElo "2118"]
[BlackElo "2416"]
[PlyCount "94"]
[EventDate "2019.05.31"]
[EventType "swiss"]
[EventRounds "10"]
[EventCountry "IND"]
[SourceTitle "CBM 190 Extra"]
[Source "ChessBase"]
[SourceDate "2019.07.15"]
[SourceVersion "1"]
[SourceVersionDate "2019.07.15"]
[SourceQuality "1"]

1. d4 Nf6 2. c4 g6 3. Nc3 Bg7 4. e4 d6 5. Nf3 0-0 6. Be2 e5 7. 0-0 Nbd7 8. Bg5 h6 9. Bh4 c6 10. Qd2 Re8 11. d5 Nc5 12. Qc2 a5 13. Rfd1 Bd7 14. Nd2 Rc8 15. Nb3 Na6 16. c5 a4 17. Nxa4 cxd5 18. Bxf6 Bxf6 19. Bxa6 bxa6 20. Nc3 d4 21. Nd5 Be7 22. Nxe7+ Qxe7 23. Rac1 Ba4 24. Qc4 Bxb3 25. axb3 Rxc5 26. Qxa6 Qc7 27. Rxc5 Qxc5 28. Qc4 Rb8 29. Qxc5 dxc5 30. Rd3 f5 31. f3 Kf7 32. Kf1 Ke6 33. Ke2 Kd6 34. Kd1 c4 35. bxc4 Rxb2 36. exf5 gxf5 37. f4 Rxg2 38. fxe5+ Kxe5 39. Rh3 Rg6 40. Kc2 Ke4 41. c5 f4 42. Rh4 Ke3 43. Rh5 f3 44. Re5+ Kf4 45. Rd5 f2 46. Rxd4+ Ke5 47. Rd1 Rg1 0-1

[Event "Wch U20 53rd"]
[Site "Pune"]
[Date "2014.10.17"]
[Round "11"]
[White "Rakesh, Kumar Jena"]
[Black "Swain, Ashirwad"]
[Result "0-1"]
[WhiteElo "2164"]
[BlackElo "1998"]
[PlyCount "79"]
[EventDate "2014.10.06"]
[EventType "swiss"]
[EventRounds "13"]
[EventCountry "IND"]
[SourceTitle "EXT 2015"]
[Source "ChessBase"]
[SourceDate "2014.11.20"]
[SourceVersion "1"]
[SourceVersionDate "2014.11.20"]
[SourceQuality "1"]

1. c4 c6 2. e4 d5 3. cxd5 cxd5 4. exd5 Nf6 5. Qa4+ Nbd7 6. Nc3 g6 7. Nf3 Bg7 8. Bc4 0-0 9. 0-0 a6 10. Qb4 Nb6 11. Re1 Qd6 12. Qxd6 exd6 13. d3 Bg4 14. Bf4 Bxf3 15. gxf3 Rfd8 16. Bb3 Nh5 17. Bg5 Bf6 18. Be3 Nd7 19. f4 Ng7 20. Re2 Nf5 21. Ne4 Rac8 22. a4 Kg7 23. Nxf6 Nxf6 24. Bc4 Re8 25. Rae1 Nh4 26. Kh1 Nf5 27. b4 Re7 28. Bd4 Rxe2 29. Bxf6+ Kxf6 30. Rxe2 b5 31. axb5 axb5 32. Ba2 Rc3 33. Rb2 Nd4 34. Bb1 Kf5 35. Kg2 Kxf4 36. f3 Rb3 37. Rxb3 Nxb3 38. d4 Nxd4 39. Bd3 Ke3 40. Bf1 0-1

[Event "Wch U20 53rd"]
[Site "Pune"]
[Date "2014.10.10"]
[Round "5"]
[White "Pranav, Shetty"]
[Black "Swain, Ashirwad"]
[Result "1-0"]
[WhiteElo "2191"]
[BlackElo "1998"]
[PlyCount "79"]
[EventDate "2014.10.06"]
[EventType "swiss"]
[EventRounds "13"]
[EventCountry "IND"]
[SourceTitle "EXT 2015"]
[Source "ChessBase"]
[SourceDate "2014.11.20"]
[SourceVersion "1"]
[SourceVersionDate "2014.11.20"]
[SourceQuality "1"]

1. e4 Nc6 2. Nf3 e5 3. Bc4 Nf6 4. d3 Be7 5. 0-0 d6 6. c3 0-0 7. Re1 Na5 8. Bb5 a6 9. Ba4 b5 10. Bc2 c5 11. Nbd2 Qc7 12. Nf1 Bg4 13. h3 Bh5 14. Ng3 Bg6 15. Nh4 d5 16. Nhf5 Rad8 17. Qf3 dxe4 18. dxe4 Ne8 19. Ne3 Nc4 20. Nxc4 bxc4 21. Nf5 Bxf5 22. exf5 Bf6 23. Be3 Nd6 24. Rad1 Rfe8 25. g4 h6 26. Qg3 Qb6 27. Rb1 Qc6 28. h4 e4 29. Bf4 Be7 30. Rbd1 Bf8 31. Qg2 Be7 32. Qh3 Bf8 33. Rd2 f6 34. Red1 Nf7 35. Rxd8 Nxd8 36. Qe3 Nf7 37. Qe2 Ne5 38. Bxe5 Rxe5 39. Qxc4+ Kh7 40. Bb3 1-0

[Event "IND-ch U15"]
[Site "Thrissur"]
[Date "2014.08.07"]
[Round "6"]
[White "Chandar, Raju"]
[Black "Swain, Ashirwad"]
[Result "1-0"]
[WhiteElo "1938"]
[BlackElo "2050"]
[PlyCount "74"]
[EventDate "2014.08.04"]
[EventType "swiss"]
[EventRounds "11"]
[EventCountry "IND"]
[SourceTitle "CBM 162 Extra"]
[Source "ChessBase"]
[SourceDate "2014.10.17"]
[SourceVersion "1"]
[SourceVersionDate "2014.10.17"]
[SourceQuality "1"]

1. Nf3 c5 2. g3 Nc6 3. Bg2 g6 4. 0-0 Bg7 5. e4 d6 6. c3 Nf6 7. Re1 0-0 8. h3 Ne5 9. d4 Nxf3+ 10. Qxf3 cxd4 11. cxd4 Nd7 12. Qd3 Qb6 13. Rd1 Nb8 14. Nc3 Nc6 15. Nd5 Qd8 16. Be3 Be6 17. Qb5 Rb8 18. Rac1 Bd7 19. Qe2 e6 20. Nc3 Ne7 21. d5 exd5 22. Bxa7 Ra8 23. Bd4 Bh6 24. Be3 Bxe3 25. Qxe3 dxe4 26. Nxe4 Nf5 27. Qc3 f6 28. Nxd6 Nxd6 29. Rxd6 Qe7 30. Rcd1 Be8 31. a3 Ba4 32. b3 Be8 33. a4 Bf7 34. Rd7 Qe6 35. Rxb7 Rac8 36. Qe1 Rb8 37. Qxe6 Bxe6 1-0

[Event "IND-ch U15"]
[Site "Thrissur"]
[Date "2014.08.07"]
[Round "5"]
[White "Swain, Ashirwad"]
[Black "Vignesh, B."]
[Result "1-0"]
[WhiteElo "2050"]
[BlackElo "1898"]
[PlyCount "121"]
[EventDate "2014.08.04"]
[EventType "swiss"]
[EventRounds "11"]
[EventCountry "IND"]
[SourceTitle "CBM 162 Extra"]
[Source "ChessBase"]
[SourceDate "2014.10.17"]
[SourceVersion "1"]
[SourceVersionDate "2014.10.17"]
[SourceQuality "1"]

1. e4 e6 2. d4 d5 3. Nd2 Be7 4. Ngf3 Nf6 5. e5 Nfd7 6. Bd3 c5 7. c3 Nc6 8. 0-0 Qb6 9. Re1 a6 10. a3 c4 11. Bc2 Nf8 12. Rb1 Bd7 13. Nf1 Qd8 14. Ng3 h5 15. Qd2 b5 16. Qf4 a5 17. Ng5 Bxg5 18. Qxg5 Qxg5 19. Bxg5 Nh7 20. Bd2 g6 21. Ne2 0-0 22. h3 b4 23. g4 hxg4 24. hxg4 Rfb8 25. Rbc1 bxa3 26. bxa3 Rb2 27. Be3 Kg7 28. Kg2 Rh8 29. Ng1 f6 30. Nf3 fxe5 31. dxe5 Rf8 32. Bc5 Rf7 33. Nh4 Nf8 34. Kg3 Be8 35. Nf3 Nh7 36. Bd6 d4 37. Nxd4 Nxd4 38. cxd4 Bc6 39. f4 Nf8 40. Rf1 Rfb7 41. Bxf8+ Kxf8 42. f5 gxf5 43. gxf5 exf5 44. Rxf5+ Kg8 45. Kf4 Rf7 46. Rxf7 Kxf7 47. Be4 Bxe4 48. Kxe4 Rb3 49. Rxc4 Rxa3 50. d5 Ra1 51. Rc7+ Ke8 52. d6 Rd1 53. Ra7 a4 54. Rxa4 Kd7 55. Ra7+ Kc6 56. Rc7+ Kb6 57. Rc2 Kb7 58. Kf5 Rh1 59. d7 Rd1 60. e6 Rd5+ 61. Kf6 1-0

[Event "IND-ch U19 44th"]
[Site "Mumbai"]
[Date "2014.07.17"]
[Round "10"]
[White "Harsha, Bharathakoti"]
[Black "Swain, Ashirwad"]
[Result "1-0"]
[WhiteElo "2269"]
[BlackElo "1887"]
[PlyCount "73"]
[EventDate "2014.07.10"]
[EventType "swiss"]
[EventRounds "11"]
[EventCountry "IND"]
[SourceTitle "EXT 2016"]
[Source "ChessBase"]
[SourceDate "2015.10.08"]
[SourceVersion "1"]
[SourceVersionDate "2015.10.08"]
[SourceQuality "1"]

1. d4 Nf6 2. c4 e5 3. dxe5 Ng4 4. Bf4 Nc6 5. Nf3 Bb4+ 6. Nbd2 Qe7 7. a3 Ngxe5 8. Nxe5 Nxe5 9. e3 Bxd2+ 10. Qxd2 d6 11. Be2 0-0 12. 0-0 Bf5 13. b4 b6 14. Rac1 Be4 15. Qd4 Ng6 16. Bg3 Rad8 17. Rfd1 Ba8 18. Rd2 f5 19. Rcd1 Rde8 20. c5 dxc5 21. bxc5 f4 22. exf4 Qxc5 23. Qxc5 bxc5 24. Bc4+ Kh8 25. f5 Rxf5 26. Rd8 Rxd8 27. Rxd8+ Rf8 28. Rd7 h5 29. Bxc7 Kh7 30. Bd6 Re8 31. f3 Re1+ 32. Kf2 Rc1 33. Bd3 c4 34. Bf4 Ra1 35. Bf5 Ra2+ 36. Kg3 Bc6 37. Bxg6+ 1-0

[Event "IND-ch U19 44th"]
[Site "Mumbai"]
[Date "2014.07.16"]
[Round "9"]
[White "Swain, Ashirwad"]
[Black "Gagare, Shardul"]
[Result "1/2-1/2"]
[WhiteElo "1887"]
[BlackElo "2440"]
[PlyCount "43"]
[EventDate "2014.07.10"]
[EventType "swiss"]
[EventRounds "11"]
[EventCountry "IND"]
[SourceTitle "EXT 2016"]
[Source "ChessBase"]
[SourceDate "2015.10.08"]
[SourceVersion "1"]
[SourceVersionDate "2015.10.08"]
[SourceQuality "1"]

1. e4 g6 2. d4 c6 3. c4 d5 4. Nc3 dxe4 5. Nxe4 Bg7 6. Be3 Nd7 7. Nf3 Ngf6 8. Nxf6+ Nxf6 9. h3 0-0 10. Bd3 Bf5 11. Bxf5 Qa5+ 12. Qd2 Qxf5 13. 0-0 b6 14. Rac1 Rfd8 15. Qc2 Qc8 16. Rfd1 Qc7 17. b3 h6 18. Rd3 Ne4 19. Nd2 Nf6 20. Nf3 Ne4 21. Nd2 Nf6 22. Nf3 1/2-1/2

[Event "IND-ch U19 44th"]
[Site "Mumbai"]
[Date "2014.07.15"]
[Round "8"]
[White "Ritviz, Parab"]
[Black "Swain, Ashirwad"]
[Result "0-1"]
[WhiteElo "2127"]
[BlackElo "1887"]
[PlyCount "116"]
[EventDate "2014.07.10"]
[EventType "swiss"]
[EventRounds "11"]
[EventCountry "IND"]
[SourceTitle "EXT 2016"]
[Source "ChessBase"]
[SourceDate "2015.10.08"]
[SourceVersion "1"]
[SourceVersionDate "2015.10.08"]
[SourceQuality "1"]

1. e4 e5 2. Nf3 Nc6 3. d4 exd4 4. Bc4 Bc5 5. c3 d3 6. b4 Bb6 7. a4 a6 8. Qxd3 d6 9. Bg5 Nf6 10. Nbd2 0-0 11. 0-0 Ne5 12. Nxe5 dxe5 13. Qg3 Qe7 14. Nf3 Re8 15. Rad1 Be6 16. Bxe6 Qxe6 17. Bxf6 Qxf6 18. Rd5 a5 19. b5 Qf4 20. Qxf4 exf4 21. e5 Rad8 22. Rfd1 Rxd5 23. Rxd5 Kf8 24. Kf1 Ke7 25. c4 Rd8 26. Ke2 Rxd5 27. cxd5 f6 28. Kd3 fxe5 29. Nxe5 Bxf2 30. Nc4 b6 31. Ke4 Bg1 32. h4 Be3 33. g3 g6 34. gxf4 Bf2 35. f5 gxf5+ 36. Kxf5 Bxh4 37. d6+ Kd7 38. dxc7 Kxc7 39. Ke6 Bf2 40. Ne5 h5 41. Nd3 Be3 42. Ne5 h4 43. Ng4 Bg1 44. Nf6 h3 45. Ne4 h2 46. Ng3 Bf2 47. Nh1 Bh4 48. Ke5 Kd7 49. Kd5 Bf6 50. Nf2 Ke7 51. Nh1 Kf7 52. Ke4 Ke6 53. Ng3 Kd6 54. Kf5 Bh4 55. Nh1 Kc5 56. Ke5 Kb4 57. Kd5 Kxa4 58. Kc4 Be1 0-1